| 000 | 01156nam a2200301 a 4500 | ||
|---|---|---|---|
| 001 | 60130 | ||
| 003 | BD-RjUL | ||
| 005 | 20211209080816.0 | ||
| 008 | 161228s2003 enka b 001 0 eng | ||
| 020 | _a0198763433 (pbk.) | ||
| 035 | _a(BD-RjUL)60254 | ||
| 040 |
_aDLC _cDLC _dDLC _beng |
||
| 041 | _aeng | ||
| 082 | 0 | 0 |
_a346.0480941 _bBEI 2003 |
| 100 | 1 |
_aBently, Lionel, _d1964- _9178978 |
|
| 245 | 1 | 0 |
_aIntellectual property law / _cLionel Bently and Brad Sherman. |
| 250 | _a1st Indian ed. | ||
| 260 |
_aOxford ; _aNew York : _bOxford University Press, _c2003 |
||
| 300 |
_alxxxiii, 1051 p. : _bill. ; _c25 cm. |
||
| 504 | _aIncludes bibliographical references and index. | ||
| 650 | 0 |
_aIntellectual property _zGreat Britain. _9174413 |
|
| 700 | 1 |
_aSherman, Brad. _9178979 |
|
| 856 | 4 | 2 |
_3Publisher description _uhttp://www.loc.gov/catdir/enhancements/fy0639/2001050076-d.html |
| 856 | 4 | 1 |
_3Table of contents only _uhttp://www.loc.gov/catdir/enhancements/fy0639/2001050076-t.html |
| 856 | 4 | 2 |
_3Contributor biographical information _uhttp://www.loc.gov/catdir/enhancements/fy0725/2001050076-b.html |
| 942 |
_2ddc _cBK |
||
| 999 |
_c60130 _d60130 |
||